000 00500nam a22001697a 4500
003 PILC
005 20150825083425.0
008 150825b xxu||||| |||| 00| 0 eng d
050 _aBJ 1581.2
_b.P358 1975
100 _aPeale, Norman Vincent.
245 _aHow to cope with ten of life's toughest problems /
_cNorman Vincent Peale.
260 _aNew York :
_bGuidepost Associates, Inc.,
_c1975.
300 _a58 pages ;
_c17 cm.
650 _aLife skills.
650 _aOptimism.
942 _2lcc
_cBK
999 _c288472
_d288472